Treasure Hunt #1 - Statistics

General Stats
  • This quiz has been taken 37 times
  • The average score is 29 of 41
Answers on the Map
Answers color-coded by a green-red scale on the quiz's map according to % correct below.
 
Answer Stats
Hint Answer % Correct
Brazil
91%
Bordering Countries Colombia
85%
Bolivia
82%
Chad
82%
Russia
82%
Egypt
79%
Niger
79%
Treasure Country #4 (x3 points!) Peru
79%
Peru
79%
Peru
79%
Bordering Countries Algeria
76%
Chile
76%
Ecuador
76%
Sudan
76%
Bordering Countries Iraq
74%
Tunisia
74%
Treasure Country #1 (x3 points!) Iran
71%
Iran
71%
Iran
71%
Treasure Country #2 (x3 points!) Libya
71%
Libya
71%
Libya
71%
Ukraine
71%
Afghanistan
68%
Treasure Country #3 (x3 points!) Finland
68%
Finland
68%
Finland
68%
Pakistan
68%
Bordering Countries Poland
68%
Turkey
68%
Armenia
65%
Azerbaijan
65%
Czech Republic
65%
Norway
65%
Treasure Country #5 (x3 points!) Slovakia
65%
Slovakia
65%
Slovakia
65%
Bordering Countries Sweden
65%
Austria
62%
Hungary
62%
Turkmenistan
62%
No matching quizzes found
Score Distribution
Percent of People with Each Score
Percentile by Number Answered
Your Score History
You have not taken this quiz